ბათუმის შოთა რუსთაველის სახელმწიფო უნივერსიტეტის ბიბლიოთეკა

სახალხო არტისტი : (ბიბ.ჩანაწერი № 63684)

000 -ლიდერი
ფიქსირებული სიგრძის საკონტროლო ველი 00995nam a22001937a 4500
003 - საკონტროლო ნომრის იდენტიფიკატორი
საკონტროლო ველი Ge_BSU
005 - ბოლო ოპერაციის თარიღი და დრო
საკონტროლო ველი 20251208195435.0
008 - ფიქსირებული სიგრძის მონაცემთა ელემენტები - ზოგადი ინფორმაცია
ფიქსირებული სიგრძის საკონტროლო ველი 251208s2008 ge ||||| |||| 00| 0 geo d
020 ## - წიგნის საერთაშორისო სტანდარტული ნომერი
International Standard Book Number 9789941902512
041 ## - ენის კოდი
Language code of text/sound track or separate title geo
080 ## - უნივერსალური ათობითი კლასიფიკაციის ინდექსი
Universal Decimal Classification number 791.635-051(479.22) ხ-48
100 ## - მთავარი ჩანაწერი - პიროვნების სახელი
Personal name ხვთისიაშვილი, დიმიტრი
9 (RLIN) 26408
245 ## - ცნობა სათაურის შესახებ
Title სახალხო არტისტი :
Remainder of title [გივი ბერიკაშვილი] /
Statement of responsibility, etc დიმიტრი ხვთისიაშვილი; [რედ. რუსუდან სულაკაური; მხატვ. ალექსანდრე ბერდიშევი].
264 ## - წარმოების, გამოცემის, დისტრიბუციის და სხვა ცნობები
გამოცემის, წარმოების, დისტრიბუციის... ადგილი თბ. :
გამოცემის, წარმოების, დისტრიბუციის... სახელწოდება ქართული ბიოგრაფიული ცენტრი,
გამოცემის, წარმოების, დისტრიბუციის... თარიღი 2008.
300 ## - ფიზიკური აღწერა
Extent 260 გვ. :
Other physical details ფოტ. ;
Dimensions 28 სმ.
653 ## - INDEX TERM--UNCONTROLLED
Uncontrolled term ქართველი მსახიობები
653 ## - INDEX TERM--UNCONTROLLED
Uncontrolled term ბერიკაშვილი, გივი
942 ## - ADDED ENTRY ELEMENTS (KOHA)
Source of classification or shelving scheme
Koha item type წიგნი
ეგზემპლარები
ჩამოწერის სტატუსი დაკარგული ეგზემპლარის სტატუსი კლასიფიკაციის წყარო ან თაროზე გაწყობის სქემა დაზიანების სტატუსი არ გაიცემა მუდმივი მდებარეობა (დაცვის ადგილი) ამჟამინდელი ადგილსამყოფელი თაროზე განთავსების ადგილი შეძენის თარიღი ღირებულება, შესყიდვის ნორმალური ფასი სრული შენახვის შიფრი შტრიხკოდი ბოლო ოპერაციის თარიღი ეგზემპლარის მიმდევრობითი ნომერი (კეტერი?) Uniform Resource Identifier ფასის ძალაში შესვლის თარიღი ეგზემპლარის სახეობა საჯარო შენიშვნა
          ბათუმის შოთა რუსთაველის სახელმწიფო უნივერსიტეტის მთავარი ბიბლიოთეკა ბათუმის შოთა რუსთაველის სახელმწიფო უნივერსიტეტის მთავარი ბიბლიოთეკა წიგნსაცავი 2025-12-08 12.00 791.635-051(479.22) ხ-48 73220 2025-12-08 73220 საქართველოს ეროვნული ბიბლიოთეკა (ნაჩუქარი) 2025-12-08 წიგნი 12 ლ.